Análisis comparativo de las dos escuelas que funcionan en la congregación de Cuatzapotitla perteneciente al municipio de Chicontepec del estado de Veracruz = (Record no. 118529)

MARC details
000 -CABECERA
campo de control de longitud fija 01096nam a2200205 a 4500
005 - FECHA Y HORA DE LA ÚLTIMA TRANSACCIÓN
campo de control 20231128063801.0
008 - ELEMENTOS DE LONGITUD FIJA--INFORMACIÓN GENERAL
campo de control de longitud fija 060821s1982 mx r 000 0 spa d
035 ## - NÚMERO DE CONTROL DEL SISTEMA
Número de control de sistema UPN01000146383
049 ## - COLECCIÓN
Colección CG
050 #4 - SIGNATURA TOPOGRÁFICA DE LA BIBLIOTECA DEL CONGRESO
Número de clasificación LB2826.6 M6
Número de documento/Ítem M3.2
100 1# - ASIENTO PRINCIPAL--NOMBRE PERSONAL
Nombre de persona Martínez Hernández, Joel
245 10 - MENCIÓN DE TÍTULO
Título Análisis comparativo de las dos escuelas que funcionan en la congregación de Cuatzapotitla perteneciente al municipio de Chicontepec del estado de Veracruz =
Resto del título Tlajtlachilistli tlen kenijkatsa monejnemiltia ome kaltlamachtilistli ipan Kuatsapotitla nechikolchinantli tlen tlatilantli Chikontepek altepetl uan tlatskitok ipan Veracruz tlali /
Mención de responsabilidad, etc. Joel Martínez Hernández.
260 ## - PUBLICACIÓN, DISTRIBUCIÓN, ETC.
Lugar de publicación, distribución, etc. México :
Nombre del editor, distribuidor, etc. SEP :
-- INI,
Fecha de publicación, distribución, etc. 1982.
300 ## - DESCRIPCIÓN FÍSICA
Extensión 127 p.
440 #0 - MENCIÓN DE SERIE/ASIENTO SECUNDARIO--TÍTULO
Título Etnolingüística ;
Designación de volumen o secuencia 14.
Nombre de parte o sección de la obra Cuadernos de información y divulgación para maestros bilingües
500 ## - NOTA GENERAL
Nota general A la cabeza de la portada : programa de formación profesional de etnolingüísticas. SEP. INI. CIESAS
650 #4 - ASIENTO SECUNDARIO DE MATERIA - TERMINO TEMATICO
Término de materia o nombre geográfico como elemento de entrada ESCUELAS -
Subdivisión general DIRECCION Y ORGANIZACION -
Subdivisión geográfica VERACRUZ
9 (RLIN) 4712
650 #4 - ASIENTO SECUNDARIO DE MATERIA - TERMINO TEMATICO
Término de materia o nombre geográfico como elemento de entrada Indígenas de México
Subdivisión general Educación
9 (RLIN) 10
905 ## - TIPO DE MATERIAL
Tipo de material Libro
Holdings
Estado de retiro Estado de pérdida Fuente del sistema de clasificación o colocación Estado dañado No para préstamo Código de colección Localización permanente Ubicación/localización actual Ubicación en estantería Total de préstamos Clasificación Código de barras Fecha visto por última vez Número de copia Tipo de ítem Koha
    Library of Congress Classification     Colección General Bib. Gregorio Torres Quintero Bib. Gregorio Torres Quintero Planta baja 2 LB2826.6 M6 M3.2 242542 31/12/2020 1 Libro